000 00619nam a2200217Ia 4500
005 20241216010525.0
008 180423s9999||||xx |||||||||||||| ||und||
082 _a591.5
_bP86
100 _aPRIMO YUFERA, EDUARDO
245 0 _aECOLOGIA QUIMICA
_bNUEVOS METODOS DE LUCHA CONTRA INSECTOS
250 _a0
260 _aESPAÑA
_bMUNDI-PRENSA
_c1991
300 _a191 pag
_c22 cm
341 _h34.6
490 _v0
_a0
505 _aTOXICIDAD-DAÑOS ECOLOGICOS/METODOS-MICROORGANISMOS
541 _aC
_bLIBRERIA SAN CRISTOBAL
_d25-Jan-95
_odólar
650 _aCIENCIAS PURAS
856 _zCC. Puras
942 _cLIBRO
999 _c16782
_d16782